000 00364nab a22001097u 4500
008 130520b2004 xxu||||| |||| 00| 0 spa d
041 _aspa
100 1 _aAdriaenssens, Peter
_972841
245 0 0 _aEl maltrato infantil: De cómo se perturba el desarrollo normal
_cPeter Adriaenssens
773 0 _tConcilium
_gnº306,2004,págs. 39-48
_x0210-1041
_wRev134
942 _cAR
999 _c370059
_d370059